Wszystkie miejscowości gminy Kozienice - Statystyki

Ogólne statystyki
  • Ten quiz został rozwiązany 6 razy
    2 od ostatniego zresetowania
  • Średni wynik to 9 z 41
Statystyki odpowiedzi
Miejscowość % Poprawnych
Janików
100%
Janów
100%
Kozienice
100%
Nowiny
100%
Aleksandrówka
50%
Holendry Kozienickie
50%
Holendry Piotrkowskie
50%
Janików Folwark
50%
Nowa Wieś
50%
Opatkowice
50%
Piotrkowice
50%
Ryczywół
50%
Stanisławice
50%
Brzeźnica
0%
Chinów
0%
Cudów
0%
Dąbrówki
0%
Holendry Kuźmińskie
0%
Kępa Bielańska
0%
Kępa Wólczyńska
0%
Kępeczki
0%
Kociołki
0%
Kuźmy
0%
Łaszówka
0%
Łuczynów
0%
Majdany
0%
Michałówka
0%
Przewóz
0%
Psary
0%
Ruda
0%
Samwodzie
0%
Selwanówka
0%
Śmietanki
0%
Staszów
0%
Świerże Górne
0%
Wilczkowice Górne
0%
Wójtostwo
0%
Wola Chodkowska
0%
Wólka Tyrzyńska
0%
Wólka Tyrzyńska B
0%
Wymysłów
0%
Nie znaleziono quizów pasujących do podanych kryteriów
Rozkład punktacji
Procent ludzi z każdym wynikiem
Percentyl według liczby udzielonych odpowiedzi
Twoja historia wyników
Nie rozwiązałeś tego quizu od ostatniego zresetowania